The great unveiling. (Record no. 6205)

000 -LEADER
fixed length control field 00716nam a2200193 a 4500
001 - CONTROL NUMBER
control field :::00003948$&:&@@
003 - CONTROL NUMBER IDENTIFIER
control field OkBaRHE
005 - DATE AND TIME OF LATEST TRANSACTION
control field 20100401131230.0
008 - FIXED-LENGTH DATA ELEMENTS--GENERAL INFORMATION
fixed length control field s1979 j 000 0 eng u
020 ## - INTERNATIONAL STANDARD BOOK NUMBER
International Standard Book Number 0310327105
040 ## - CATALOGING SOURCE
Transcribing agency
100 1# - MAIN ENTRY--PERSONAL NAME
Personal name Scroggie, W. Graham (William Graham), 1877-1958.
245 14 - TITLE STATEMENT
Title The great unveiling.
260 ## - PUBLICATION, DISTRIBUTION, ETC. (IMPRINT)
Place of publication, distribution, etc Grand Rapids, MI., :
Name of publisher, distributor, etc Zondervan Publishing House
Date of publication, distribution, etc 1979
300 ## - PHYSICAL DESCRIPTION
Extent 140 p., [2] leaves of plates : chart ;
Dimensions 23 cm.
650 ## - SUBJECT ADDED ENTRY--TOPICAL TERM
Topical term or geographic name as entry element Bible New Testament Revelation
General subdivision Criticism, Interpretation, etc. Addresses, Essays, Lectures
942 ## - ADDED ENTRY ELEMENTS (KOHA)
Source of classification or shelving scheme
Koha item type Books
Copies
Damaged status Copy number Price effective from Koha item type Full call number Source of classification or shelving scheme Not for loan Withdrawn status Permanent Location Date last seen Barcode Shelving location Date acquired Lost status
 12010-04-14BooksBS 2825.2 .S47 1979   RHEMA Bible Training College2018-04-033948General Stacks2010-04-14